Statistiken für Europäische Führer nach Karte

Klicken Sie hier um das Quiz zu spielen!

Allgemein

  • Dieses Quiz wurde 109 mal gespielt
  • Das Durchschnittsergebnis liegt bei 19 aus 45

Antworten auf der Karte

Die Antworten werden auf der Karte rot bzw. grün angezeigt, abhängig davon wie oft sie richtig erraten wurden.
 

Antwortstatistiken

Antwort% Korrekt
Emmanuel Macron
95%
Angela Merkel
92%
Boris Johnson
87%
Vladimir Putin
87%
Sebastian Kurz
86%
Giuseppe Conte
78%
Papst Franziskus
73%
Alexander Lukashenko
71%
Pedro Sánchez
63%
Mette Frederiksen
62%
Viktor Orbán
62%
Katrín Jakobsdóttir
60%
König Carl XVI Gustaf
58%
Kyriakos Mitsotakis
56%
König Harald V
54%
Mark Rutte
54%
Prince Albert II
54%
Volodymyr Zelensky
50%
Mateusz Morawiecki
49%
Prinz Hans-Adam II
46%
Sanna Marin
40%
Alexander De Croo
35%
António Costa
33%
Andrej Babiš
32%
Boyko Borisov
32%
Klaus Iohannis
28%
Xavier Bettel
28%
Enrico Carattoni
26%
Edi Rama
24%
Krišjānis Kariņš
24%
Micheál Martin
22%
Simonetta Sommaruga
21%
Jüri Ratas
19%
Gitanas Nausėda
17%
Janez Janša
17%
Xavier Espot Zamora
17%
Ana Brnabić
15%
Avdullah Hoti
15%
Maia Sandu
15%
Zoran Zaev
15%
Andrej Plenković
13%
Zdravko Krivokapić
13%
Milorad Dodik
12%
Robert Abela
12%
Igor Matovič
9%

Verteilung der Resultate

Perzentil nach korrekt beantworteten Fragen

Anzahl Personen mit jedem Resultat

Ihre Resultats-Entwicklung

Sie haben dieses Quiz noch nicht gespielt